[Event "Chess24 Banter Final 2020"]
[Site "chess24.com INT"]
[Date "2020.09.26"]
[Round "3.1"]
[White "So, Wesley"]
[Black "Le, Quang Liem"]
[Result "1/2-1/2"]
[WhiteTitle "GM"]
[BlackTitle "GM"]
[WhiteElo "2770"]
[BlackElo "2709"]
[WhiteFideId "5202213"]
[BlackFideId "12401137"]
[EventDate "2020.09.21"]

1. e4 c6 2. d4 d5 3. e5 Bf5 4. Nf3 e6 5. Be2 c5 6. Be3 cxd4 7. Nxd4 Ne7 8. c4
Nbc6 9. Qa4 a6 10. Nc3 dxc4 11. O-O-O Qa5 12. Qxa5 Nxa5 13. Nxf5 Nxf5 14. Bb6
Nc6 15. f4 Rc8 16. g3 g5 17. Ne4 Be7 18. g4 Nh4 19. fxg5 Nxe5 20. Bd4 Nd3+ 21.
Kb1 O-O 22. Bxd3 cxd3 23. Rxd3 Rfd8 24. Rhd1 Ng6 25. Nf6+ Bxf6 26. Bxf6 Rxd3 27.
Rxd3 e5 28. Re3 Rc6 29. Bxe5 Nxe5 30. Rxe5 Kg7 31. h3 h6 32. gxh6+ Rxh6 33. Re3
Rc6 34. Rc3 Rd6 35. Kc2 Kg6 36. Rf3 Rd4 37. Kc3 Re4 38. Kd3 Rb4 39. b3 a5 40.
Kc3 Re4 41. Kd3 Re1 42. Kc4 Re5 43. a4 b6 44. Rd3 f6 45. Rd6 Re4+ 46. Kc3 Re3+
47. Rd3 Re4 48. Rf3 Kg5 49. Rf5+ Kg6 50. Rb5 Re3+ 51. Kc4 Rxh3 52. Rxb6 Rg3 53.
Kb5 Rxb3+ 54. Kxa5 Re3 55. Rb4 Kg5 56. Rc4 Rb3 57. Ka6 f5 58. gxf5 Kxf5 59. Rd4
Ke6 60. a5 Ke7 61. Ka7 Rb1 62. Rd5 Rb2 63. a6 Rb1 64. Ka8 Rb2 65. a7 Rb1 66. Rd2
Rb3 67. Rd1 Rb2 68. Rd3 Rb1 69. Rd5 Rb2 70. Rh5 Kd7 71. Rh8 Kc7 72. Rb8 Rc2 73.
Rb1 Rc3 74. Rb7+ Kc8 75. Rb8+ Kc7 76. Rc8+ Kxc8 1/2-1/2

[Event "Chess24 Banter Final 2020"]
[Site "chess24.com INT"]
[Date "2020.09.26"]
[Round "3.2"]
[White "Le, Quang Liem"]
[Black "So, Wesley"]
[Result "0-1"]
[WhiteTitle "GM"]
[BlackTitle "GM"]
[WhiteElo "2709"]
[BlackElo "2770"]
[WhiteFideId "12401137"]
[BlackFideId "5202213"]
[EventDate "2020.09.21"]

1. e4 e5 2. Nf3 Nc6 3. Bb5 Nf6 4. d3 Bc5 5. Bxc6 dxc6 6. Nbd2 Nd7 7. Nc4 f6 8.
h4 Nf8 9. h5 Qe7 10. Nh4 Be6 11. Ne3 O-O-O 12. Bd2 Bxe3 13. Bxe3 Qb4+ 14. Qd2
Qxb2 15. O-O Qa3 16. f4 Nd7 17. h6 gxh6 18. fxe5 fxe5 19. Bxh6 Rhg8 20. Nf5 Bxf5
21. Rxf5 Rg6 22. Be3 b6 23. Rg5 Rxg5 24. Bxg5 Rg8 25. c3 Nc5 26. Rf1 Nxd3 27.
Rf7 Qd6 28. Rxh7 Qg6 29. Rh3 Nc5 30. Be3 Nxe4 31. Qc2 Nxc3 32. Qxg6 Rxg6 33.
Bxb6 Ne2+ 34. Kf2 axb6 35. Kxe2 Rxg2+ 0-1

[Event "Chess24 Banter Final 2020"]
[Site "chess24.com INT"]
[Date "2020.09.26"]
[Round "3.3"]
[White "So, Wesley"]
[Black "Le, Quang Liem"]
[Result "1-0"]
[WhiteTitle "GM"]
[BlackTitle "GM"]
[WhiteElo "2770"]
[BlackElo "2709"]
[WhiteFideId "5202213"]
[BlackFideId "12401137"]
[EventDate "2020.09.21"]

1. e4 e5 2. Nf3 Nc6 3. Bc4 Bc5 4. c3 Nf6 5. d4 exd4 6. e5 d5 7. Bb5 Ne4 8. cxd4
Bb6 9. Nc3 O-O 10. Be3 Bg4 11. h3 Bh5 12. Qc2 Bg6 13. Qb3 Ne7 14. O-O c6 15. Bd3
Nf5 16. Rfe1 Nxd4 17. Bxd4 Bxd4 18. Nxe4 dxe4 19. Bxe4 Bxe4 20. Rxe4 Bb6 21. e6
fxe6 22. Rxe6 Kh8 23. a4 Qc7 24. Rae1 Qf7 25. Qc3 Rae8 26. Rxe8 Rxe8 27. Rxe8+
Qxe8 28. a5 Bd8 29. Qb4 Qe7 30. Qf4 Bc7 31. Qf5 g6 32. Qc8+ Kg7 33. a6 bxa6 34.
Qxa6 Bb6 35. h4 h6 36. Qc4 Qc5 37. Qe2 Kf6 38. g3 Qd5 39. Nh2 h5 40. Nf3 Qe6 41.
Qd2 Qd5 42. Qc3+ Kf5 43. Ng5 Qd4 44. Qc2+ Kg4 45. Kg2 1-0

[Event "Chess24 Banter Final 2020"]
[Site "chess24.com INT"]
[Date "2020.09.26"]
[Round "3.4"]
[White "Le, Quang Liem"]
[Black "So, Wesley"]
[Result "1/2-1/2"]
[WhiteTitle "GM"]
[BlackTitle "GM"]
[WhiteElo "2709"]
[BlackElo "2770"]
[WhiteFideId "12401137"]
[BlackFideId "5202213"]
[EventDate "2020.09.21"]

1. e4 e5 2. Nf3 Nc6 3. Bb5 Nf6 4. d3 Bc5 5. Bxc6 dxc6 6. Nbd2 Nd7 7. Nc4 f6 8.
c3 Nb6 9. Na5 O-O 10. O-O Qe8 11. d4 Bd6 12. Re1 Rb8 13. Be3 exd4 14. Bxd4 Bg4
15. h3 Bh5 16. b4 Qf7 17. Qb3 Bxf3 18. gxf3 a6 19. Rad1 Nd7 20. Qxf7+ Kxf7 21.
Ba7 Ra8 22. Be3 Ne5 23. Kg2 b6 24. f4 bxa5 25. fxe5 fxe5 26. bxa5 Rab8 27. c4
Ke6 28. c5 Be7 29. Rb1 Rb5 30. Rxb5 cxb5 31. Rd1 c6 32. f3 Rb8 33. Kf2 b4 34.
Rb1 Rb5 35. Kg3 h5 36. h4 g6 37. Rb2 Rxa5 38. Rxb4 Ra3 39. Bg1 g5 40. hxg5 Bxg5
41. Rb6 Bf4+ 42. Kg2 Rxa2+ 43. Kh3 Kd7 44. Rb7+ Kc8 45. Rh7 Ra1 46. Bf2 a5 47.
Bg3 a4 48. Bxf4 exf4 49. Ra7 a3 50. Kg2 Kb8 51. Ra4 a2 52. e5 Kc7 53. e6 Kd8 54.
Ra7 h4 55. Kh2 Ke8 56. Kg2 Kf8 57. Kh2 h3 58. Rf7+ Ke8 59. Ra7 Kd8 60. Rd7+ Kc8
61. Ra7 Kb8 62. Ra4 Kc7 63. Ra8 Re1 64. Rxa2 Rxe6 65. Ra4 Re5 66. Rxf4 Rxc5 67.
Kxh3 Rd5 1/2-1/2

[Event "Chess24 Banter Final 2020"]
[Site "chess24.com INT"]
[Date "2020.09.26"]
[Round "3.5"]
[White "So, Wesley"]
[Black "Le, Quang Liem"]
[Result "1/2-1/2"]
[WhiteTitle "GM"]
[BlackTitle "GM"]
[WhiteElo "2770"]
[BlackElo "2709"]
[WhiteFideId "5202213"]
[BlackFideId "12401137"]
[EventDate "2020.09.21"]

1. e4 e5 2. Nf3 Nc6 3. Bc4 Bc5 4. c3 Nf6 5. d4 exd4 6. e5 d5 7. Bb5 Ne4 8. cxd4
Bb6 9. Nc3 O-O 10. Be3 Bg4 11. h3 Bh5 12. Qc2 Bg6 13. Qb3 Ne7 14. O-O c6 15. Bd3
Ng3 16. Rfd1 Bxd3 17. Rxd3 Ngf5 18. Na4 f6 19. Nxb6 axb6 20. Re1 fxe5 21. Nxe5
Ng6 22. Nxg6 hxg6 23. Bf4 b5 24. a3 Qh4 25. Be5 Rae8 26. Qc3 Nd6 27. Bg3 Qd8 28.
Rxe8 Rxe8 29. Bxd6 Qxd6 30. Re3 Rxe3 31. Qxe3 b4 32. a4 b6 33. h4 Qf6 34. Qg3
Kh7 35. Qg4 Qe7 36. h5 Qe1+ 37. Kh2 gxh5 38. Qxh5+ Kg8 39. Qf5 Qd2 40. Qe6+ Kh7
41. Qf5+ Kg8 42. Qe6+ Kh7 43. Qf5+ Kg8 1/2-1/2

[Event "Chess24 Banter Final 2020"]
[Site "chess24.com INT"]
[Date "2020.09.26"]
[Round "3.6"]
[White "Le, Quang Liem"]
[Black "So, Wesley"]
[Result "0-1"]
[WhiteTitle "GM"]
[BlackTitle "GM"]
[WhiteElo "2709"]
[BlackElo "2770"]
[WhiteFideId "12401137"]
[BlackFideId "5202213"]
[EventDate "2020.09.21"]

1. e4 e5 2. Nf3 Nc6 3. Bb5 Nf6 4. d3 Bc5 5. Bxc6 dxc6 6. Nbd2 Nd7 7. Nc4 f6 8.
O-O Nf8 9. c3 Ne6 10. b4 Be7 11. Be3 O-O 12. a3 c5 13. Qc2 Kh8 14. Rad1 Qe8 15.
bxc5 Nxc5 16. d4 Qa4 17. Qxa4 Nxa4 18. Rc1 Be6 19. Na5 b5 20. dxe5 Bxa3 21. Rc2
fxe5 22. Nxe5 Bb2 23. Rb1 Bxc3 24. Rxb5 a6 25. Rc5 Nxc5 26. Rxc3 Nxe4 27. Rxc7
Rfc8 28. Re7 Re8 29. Rc7 Rac8 30. Ra7 Bd5 31. Nf3 Ra8 32. Rc7 Nd6 33. Nd4 Rac8
34. Rd7 Rc1+ 0-1

[Event "Chess24 Banter Final 2020"]
[Site "chess24.com INT"]
[Date "2020.09.26"]
[Round "3.7"]
[White "So, Wesley"]
[Black "Le, Quang Liem"]
[Result "0-1"]
[WhiteTitle "GM"]
[BlackTitle "GM"]
[WhiteElo "2770"]
[BlackElo "2709"]
[WhiteFideId "5202213"]
[BlackFideId "12401137"]
[EventDate "2020.09.21"]

1. e4 c5 2. Nf3 d6 3. d4 cxd4 4. Nxd4 Nf6 5. f3 e5 6. Nb3 d5 7. Bg5 Be6 8. exd5
Qxd5 9. Qxd5 Nxd5 10. Bc4 Nc6 11. Bxd5 Bxd5 12. Nc3 Be6 13. O-O-O f6 14. Be3 Kf7
15. Nc5 Bxc5 16. Bxc5 Rhd8 17. Nb5 b6 18. Be3 g5 19. h4 Rxd1+ 20. Rxd1 gxh4 21.
Rh1 Rg8 22. Rxh4 Rxg2 23. Rxh7+ Kg6 24. Rc7 Nb4 25. Rxa7 Rxc2+ 26. Kd1 Bd5 0-1

[Event "Chess24 Banter Final 2020"]
[Site "chess24.com INT"]
[Date "2020.09.26"]
[Round "3.8"]
[White "Le, Quang Liem"]
[Black "So, Wesley"]
[Result "1/2-1/2"]
[WhiteTitle "GM"]
[BlackTitle "GM"]
[WhiteElo "2709"]
[BlackElo "2770"]
[WhiteFideId "12401137"]
[BlackFideId "5202213"]
[EventDate "2020.09.21"]

1. Nf3 d5 2. d4 Nf6 3. c4 e6 4. e3 Be7 5. Nc3 O-O 6. b3 c5 7. Bb2 Nc6 8. cxd5
Nxd5 9. Nxd5 exd5 10. Be2 cxd4 11. Nxd4 Qa5+ 12. Kf1 Ba3 13. Bxa3 Qxa3 14. h4
Nxd4 15. Qxd4 Be6 16. h5 h6 17. g3 Rac8 18. Bd3 Qc5 19. Rh4 Qxd4 20. Rxd4 Rc5
21. Kg2 Rfc8 22. Be2 Rc2 23. Bf3 Rb2 24. Bxd5 Rcc2 25. Rf1 Bxd5+ 26. Rxd5 Rxa2
27. Rd8+ Kh7 28. Rd7 f6 29. Rxb7 Rc5 30. g4 f5 31. b4 Re5 32. Kf3 fxg4+ 33. Kxg4
Rg5+ 34. Kf3 a5 35. bxa5 Raxa5 36. e4 Rxh5 37. Rg1 Rhg5 38. Rxg5 hxg5 39. Kg4
Kg6 40. Rb6+ Kf7 41. f3 Re5 42. Rd6 Rc5 43. Kh5 Rc3 44. Kg4 Rc5 45. Ra6 Rb5 46.
Ra1 Kg6 47. Rd1 Kf6 48. Rd6+ Kf7 49. Rd5 Rxd5 50. exd5 Kf6 51. Kh5 Ke5 52. Kxg5
Kxd5 53. Kg6 Ke5 54. Kxg7 Kf4 55. Kf6 Kxf3 1/2-1/2

[Event "Chess24 Banter Final 2020"]
[Site "chess24.com INT"]
[Date "2020.09.26"]
[Round "3.9"]
[White "So, Wesley"]
[Black "Le, Quang Liem"]
[Result "1-0"]
[WhiteTitle "GM"]
[BlackTitle "GM"]
[WhiteElo "2770"]
[BlackElo "2709"]
[WhiteFideId "5202213"]
[BlackFideId "12401137"]
[EventDate "2020.09.21"]

1. e4 c5 2. Nf3 d6 3. d4 cxd4 4. Nxd4 Nf6 5. f3 e5 6. Nb3 d5 7. Bg5 Be6 8. Bxf6
gxf6 9. exd5 Qxd5 10. Qxd5 Bxd5 11. Nc3 Be6 12. O-O-O Nc6 13. Kb1 f5 14. Bb5 a6
15. Bxc6+ bxc6 16. Rhe1 Bg7 17. Nc5 Ke7 18. Nd3 f6 19. f4 e4 20. Nc5 Rhd8 21.
Rxd8 Rxd8 22. g4 Bh6 23. gxf5 Bxf5 24. N3xe4 Kf7 25. Nb7 Rd5 26. Nbd6+ Kf8 27.
Nxf5 Rxf5 28. a4 Rxf4 29. Nc5 Rc4 30. Nxa6 Rxa4 31. Nb8 Rh4 32. Nxc6 Rxh2 33. b4
Bd2 34. Rf1 Kg7 35. b5 Be3 36. Ne7 Bc5 37. Nd5 Rh4 38. c3 h5 39. b6 1-0

[Event "Chess24 Banter Final 2020"]
[Site "chess24.com INT"]
[Date "2020.09.29"]
[Round "4.1"]
[White "Carlsen, Magnus"]
[Black "So, Wesley"]
[Result "1-0"]
[WhiteTitle "GM"]
[BlackTitle "GM"]
[WhiteElo "2863"]
[BlackElo "2770"]
[WhiteFideId "1503014"]
[BlackFideId "5202213"]
[EventDate "2020.09.21"]

1. f3 e5 2. Kf2 d5 3. e3 Nc6 4. Bb5 Ne7 5. d4 a6 6. Ba4 exd4 7. exd4 Nf5 8. Ne2
Bd6 9. c3 O-O 10. Nd2 Re8 11. Nf1 Bd7 12. Bc2 Qh4+ 13. g3 Qf6 14. Bf4 Nce7 15.
Bxd6 Nxd6 16. Ne3 Bf5 17. Nf4 c6 18. Re1 Qh6 19. h4 Qf6 20. Bxf5 Nexf5 21. Ng4
Qd8 22. Qd3 Qb6 23. b3 Qb5 24. a4 Qxb3 25. Reb1 Qc4 26. Qd2 a5 27. Ne5 Qa6 28.
h5 f6 29. Ned3 Nc4 30. Qa2 b6 31. g4 Nfd6 32. Re1 Qb7 33. Ne6 Qd7 34. Ndf4 Re7
35. Re2 Rae8 36. Rae1 Nf7 37. Qb1 Ng5 38. Nxg5 fxg5 39. Rxe7 Rxe7 40. Nd3 Re6
41. Ne5 Qe7 42. Re2 h6 43. Qf5 Rf6 44. Qc8+ Qf8 45. Qxf8+ Rxf8 46. Nxc6 Kf7 47.
Re7+ Kf6 48. Rd7 Rc8 49. Ne7 Ke6 50. Ra7 Rf8 51. Nf5 Rf7 52. Nxg7+ Kf6 53. Rxf7+
Kxf7 54. Nf5 Nb2 55. Ke2 Nxa4 56. Nxh6+ Kf6 57. Kd3 Nb2+ 58. Kc2 Nc4 59. Nf5 b5
60. h6 Kg6 61. Ne7+ Kxh6 62. Nxd5 Kg6 63. Nc7 Nd6 64. Kb3 Kf6 65. Nd5+ Ke6 66.
Ne3 Kd7 67. Ng2 Kc6 68. f4 Ne4 69. fxg5 Nxg5 70. Nf4 Ne4 71. Nh3 a4+ 72. Kb4 a3
73. Kxa3 Nxc3 74. g5 Kd5 75. g6 Ne4 76. Ng5 Nf6 77. Nf3 Ke4 78. g7 Kf5 79. Ne5
Kg5 80. Kb4 1-0